Quiz zu französischsprachigen Ländern - Statistiken

Allgemein
  • Dieses Quiz wurde 57 mal gespielt
  • Das Durchschnittsergebnis liegt bei 15 aus 29
Antwortstatistiken
% Land % Korrekt
97% Frankreich
100%
75% Belgien
85%
92% Luxemburg
81%
67% Schweiz
79%
63% Algerien
74%
35% Marokko
74%
97% Monaco
70%
70% Andorra
68%
29% Kanada
68%
51% Demokratische Republik Kongo
64%
59% Republik Kongo
64%
52% Tunesien
64%
33% Elfenbeinküste
60%
26% Senegal
60%
41% Kamerun
55%
40% Togo
51%
25% Guinea
49%
66% Gabun
47%
33% Benin
43%
28% Zentralafrikanische Republik
43%
42% Haiti
36%
73% Mauritius
28%
26% Komoren
25%
53% Seychellen
25%
29% Äquatorial-Guinea
23%
50% Dschibuti
23%
38% Libanon
11%
25% Portugal
9%
32% Vanuatu
6%
Keine übereinstimmenden Quizze gefunden
Verteilung der Resultate
Anzahl Personen mit jedem Resultat
Perzentil nach korrekt beantworteten Fragen
Ihre Resultats-Entwicklung
Sie haben dieses Quiz noch nicht gespielt